Jednota strany a ľudu Skončil sa 12. zjazd Maďarskej socialistickej robotníckej strany

Bibliographic Details
Main Author: Švec, Ján V. (Author)
Format: Article
Language:Slovak
Subjects:

MARC

LEADER 00000nab a2200000 a 4500
001 vtls000052767
003 SK-MaSNL
005 20260303220439.0
008 160202c1980 xo 0 slo
015 |a SNBRB19rr/mm-uuuuu 
035 |a CL0062864 
040 |a SNKBUCL  |b slo  |c SNKBUCL  |e AACR2 
041 0 |a slo 
044 |a xo  |c SK 
080 |a 329.15(4-11)  |2 1981 
100 1 |a Švec, Ján V.  |4 aut  |9 921630 
245 1 0 |a Jednota strany a ľudu  |b Skončil sa 12. zjazd Maďarskej socialistickej robotníckej strany  |c Ján V. Švec 
650 0 7 |a Magyar Szocialista Munkáspárt  |2 snkbucl  |9 1253575 
655 7 |a články z novín a časopisov  |2 snkbucl  |9 267496 
773 0 |t Pravda  |g Roč. 61, č. 75 (28. 3. 1980), s. 1 a 7 
850 |a Slovenská národná knižnica v Martine  |a MTA001 
852 |a SNK  |b KIS3GCP 
958 |a RK 
958 |a HU 
992 |a RBX 
999 |c 2227240  |d 2229170